=LDR 00000nam 2200000 4500 =001 INLIS000000000017053 =005 20130612112242 =008 ***********************************Ind** =035 ##$$0010-061300000017053 =041 ##$$a Ind =082 ##$$a 2x1.2 =090 ##$$a 2x1.2, Qur q =245 ##$$a Al-quran dan terjemahannya =260 ##$$a 2002 $b Jakarta =300 ##$$a 112 hlm, 21 cm =650 ##$$a Alquran dan Terjemahannya =850 ##$$a NBPNMAT